| 000 | 00718nam a22002657a 4500 | ||
|---|---|---|---|
| 001 | BR0104418 | ||
| 003 | BR-BrBNA | ||
| 005 | 20240122151401.0 | ||
| 007 | ta | ||
| 008 | 230509b bl.||||| |||| 00| 0 por d | ||
| 040 |
_aBR-BrBNA _bpor _cBiblioteca Nacional de Agricultura |
||
| 041 | _a(Por) | ||
| 072 | _aA01 | ||
| 100 | 1 | _aBiehl, H. | |
| 110 | 1 |
_aCamara dos Deputados, Brasilia, DF (Brasil) _91314 |
|
| 245 | 1 |
_aAgricultura: _ba crise da renda, diagnóstico e perspectivas / |
|
| 260 | 3 |
_aBrasilia, DF (Brasil): _c1998. |
|
| 300 | _a24 p. | ||
| 650 | _aAgricultura Sustentavel | ||
| 650 | _aProducao Agricola | ||
| 650 | _aImportacao | ||
| 650 | _aFome | ||
| 650 | _aReforma Agraria | ||
| 942 |
_cBK _2AGRIS |
||
| 999 |
_c63538 _d63538 |
||